[Event "CRI-chT"]
[Site "San Jose"]
[Date "2024.06.09"]
[Round "6.2"]
[White "Arce Oviedo, Cesar"]
[Black "Vindas Barrientos, Yohan Caleb"]
[Result "1-0"]
[WhiteElo "1769"]
[BlackElo "1510"]
[PlyCount "127"]
[EventDate "2024.04.28"]
[EventType "team-swiss"]
[EventRounds "7"]
[EventCountry "CRI"]
[SourceTitle "EXT 2025"]
[Source "ChessBase"]
[SourceDate "2024.10.14"]
[SourceVersion "1"]
[SourceVersionDate "2024.10.14"]
[SourceQuality "1"]
[WhiteTeam "Santa Barbara III"]
[BlackTeam "La Papa Mecanica"]
[WhiteTeamCountry "CRI"]
[BlackTeamCountry "CRI"]

1. g4 e5 2. Bg2 d6 3. c4 Nc6 4. h3 Be7 5. d3 Qd7 6. Nc3 b6 7. a3 Rb8 8. Nd5 Bb7 9. Nf3 Nd8 10. Nd2 Nf6 11. 0-0 Nxd5 12. cxd5 h5 13. e4 hxg4 14. Qxg4 g6 15. Nc4 Bc8 16. Qxd7+ Bxd7 17. f4 b5 18. Na5 Bxh3 19. Bxh3 Rxh3 20. Rd1 Bf6 21. Kg2 Rh4 22. Kg3 Rh5 23. Rb1 Kd7 24. Be3 a6 25. b4 Nb7 26. Nxb7 Rxb7 27. Rh1 Rh8 28. Rxh8 Bxh8 29. Rh1 Rb8 30. Kg4 Ra8 31. fxe5 Bxe5 32. d4 Bf6 33. Kf4 Rh8 34. Rxh8 Bxh8 35. Kg5 Ke7 36. Kf4 f6 37. Bd2 Kf7 38. Bc3 Kg7 39. e5 Kh6 40. e6 Kg7 41. Ke4 Kf8 42. Bd2 Bg7 43. Kd3 g5 44. Ke4 Bh6 45. Kf5 Ke7 46. Kg6 Bf8 47. Kf5 Bg7 48. Be1 Kf8 49. Bg3 Ke7 50. Kg6 Bf8 51. Bh2 Ke8 52. Kxf6 Be7+ 53. Kf5 Kf8 54. Bg1 Kg7 55. Be3 Kh6 56. Bd2 Kh5 57. Be3 Kh4 58. Kg6 g4 59. Kf7 Bd8 60. e7 Bxe7 61. Kxe7 g3 62. Kd7 g2 63. Kxc7 Kh3 64. Kxd6 1-0